000 01077nam a2200265Ia 4500
003 OSt
005 20220923211308.0
006 a|||||r|||| 00| 0
007 ta
008 220922b |||||||| |||| 00| 0 hin d
020 _a9788179753477 (hbk)
_c350
024 _a317,476
037 _b79, 15/03/2017, Mallika Books
_cTextual
040 _aARTS
_cARTS
_bhin
041 _2hin
_ahin
082 _aO44(Y527):g(Y), 152Q0
100 _aनिरंजन कुमार, ले.
245 0 _aमनुष्यता के आईने में दलित साहित्य का समाजशास्त्र
246 _ahinuṣhyatā ke āīne mean dalit sāhitya kā samājashāstra
260 _aनई दिल्ली
_b अनामिका पब्लिशर्स
_c2010
300 _a183पृ.
_ccm.
650 _aहिन्दी साहित्य
_9156264
942 _hO44(Y527):g(Y), 152Q0
_cTEXL
_2CC
999 _c298208
_d298208